00326nam a2200109Ia 4500082001200000100002200012245008100034260003500115300002100150650002600171710001900197 aTG.0242 aGanguly, Malabika 0aStudy of the determinants of scholastic achievement in rural and urban areas c1989bVisva-Bharati University a511p. + C D - 36 aACADEMIC ACHIEVEMENT  aBanerjee, N.P.